Losing Presidential Candidates by Picture - Statistics

General Stats
  • This quiz has been taken 37 times
  • The average score is 34 of 59
Answer Stats
Picture Answer % Correct
Donald Trump
100%
Thomas Jefferson
100%
Gerald Ford
96%
Richard Nixon
96%
George H. W. Bush
92%
Hillary Clinton
92%
Jimmy Carter
92%
Kamala Harris
92%
Theodore Roosevelt
92%
Al Gore
88%
Andrew Jackson
88%
John Adams
88%
John Kerry
88%
John McCain
88%
Herbert Hoover
85%
William Howard Taft
85%
Grover Cleveland
77%
Martin Van Buren
77%
William Henry Harrison
77%
Mitt Romney
73%
Bob Dole
69%
John Quincy Adams
69%
Benjamin Harrison
65%
Michael Dukakis
65%
Millard Fillmore
65%
Walter Mondale
65%
Ross Perot
62%
Barry Goldwater
58%
George B. McClellan
58%
William Jennings Bryan
54%
George McGovern
50%
Hubert H. Humphrey
50%
Winfield Scott
50%
Al Smith
46%
George Wallace
46%
Thomas Dewey
46%
DeWitt Clinton
42%
Henry Clay
38%
James Blaine
38%
John Breckinridge
38%
Adlai Stevenson II
35%
James Cox
35%
Robert La Follette
35%
Stephen Douglas
35%
Wendell Willkie
35%
Charles Pinckney
31%
Rufus King
31%
Charles Evans Hughes
27%
Horace Greeley
27%
John Bell
27%
John C. Fremont
27%
John Davis
27%
Samuel Tilden
27%
William Crawford
27%
Alf Landon
23%
Alton B. Parker
19%
Lewis Cass
19%
Winfield Scott Hancock
19%
Horatio Seymour
15%
No matching quizzes found
Score Distribution
Percent of People with Each Score
Percentile by Number Answered
Your Score History
You have not taken this quiz